Microeconomics / (Record no. 12832)
[ view plain ]
| 000 -LEADER | |
|---|---|
| fixed length control field | 01784cac a22002771u 4500 |
| 008 - FIXED-LENGTH DATA ELEMENTS--GENERAL INFORMATION | |
| fixed length control field | 091022t19952009xxu||||| |||| 00| 0 eng d |
| 010 ## - LIBRARY OF CONGRESS CONTROL NUMBER | |
| LC control number | |
| 020 ## - INTERNATIONAL STANDARD BOOK NUMBER | |
| International Standard Book Number | 0137133359 |
| 020 ## - INTERNATIONAL STANDARD BOOK NUMBER | |
| International Standard Book Number | 9780137133352 |
| 082 00 - DEWEY DECIMAL CLASSIFICATION NUMBER | |
| Edition number | 22 |
| Classification number | 338.5 |
| Item number | PIN |
| 100 ## - MAIN ENTRY--PERSONAL NAME | |
| 9 (RLIN) | 9066 |
| Personal name | Pindyck, Robert S. |
| 245 10 - TITLE STATEMENT | |
| Title | Microeconomics / |
| Statement of responsibility, etc | Robert S. Pindyck, Daniel L. Rubinfeld. |
| 250 ## - EDITION STATEMENT | |
| Edition statement | 7th ed. |
| Remainder of edition statement | International ed. |
| 260 ## - PUBLICATION, DISTRIBUTION, ETC. (IMPRINT) | |
| Place of publication, distribution, etc | Upper Saddle River, N.J. : |
| Name of publisher, distributor, etc | Pearson Prentice Hall, |
| Date of publication, distribution, etc | c2009 |
| 300 ## - PHYSICAL DESCRIPTION | |
| Extent | xxxii, 736 p. : |
| Other physical details | ill. (some col.) ; |
| Dimensions | 27 cm. |
| 500 ## - GENERAL NOTE | |
| General note | Includes index. |
| 650 #0 - SUBJECT ADDED ENTRY--TOPICAL TERM | |
| Topical term or geographic name as entry element | Microeconomics. |
| 9 (RLIN) | 9067 |
| 700 1# - ADDED ENTRY--PERSONAL NAME | |
| Personal name | Rubinfeld, Daniel L. |
| 9 (RLIN) | 9068 |
| 942 ## - ADDED ENTRY ELEMENTS (KOHA) | |
| Item type | Book - Borrowing |
| Call number prefix | 338.5 PIN |
| Source of classification or shelving scheme | Dewey Decimal Classification |
| Withdrawn status | Item status | Source of classification or shelving scheme | Damaged status | Not for loan | Vendor | Home library | Current library | Shelving location | Date acquired | Source of acquisition | Total Checkouts | Full call number | Barcode | Date last seen | Date last borrowed | Koha item type | Cost, normal purchase price | Total Renewals | Checked out | Cost, replacement price |
|---|---|---|---|---|---|---|---|---|---|---|---|---|---|---|---|---|---|---|---|---|
| Dewey Decimal Classification | Baccah | Central Library | Central Library | First floor | 22/10/2009 | 11 | 338.5 PIN | 000018452 | 15/07/2025 | 12/05/2011 | NB - Book (Non borrowing) | |||||||||
| Dewey Decimal Classification | Baccah | Central Library | Central Library | First floor | 22/10/2009 | 2 | 338.5 PIN | 000018451 | 16/02/2010 | 16/02/2010 | Book - Borrowing | 350.00 | 9 | 14/12/2019 | 437.50 | |||||
| Dewey Decimal Classification | Baccah | Central Library | Central Library | First floor | 22/10/2009 | 9 | 338.5 PIN | 000018449 | 15/07/2025 | 05/05/2011 | Book - Borrowing | 22 | ||||||||
| Dewey Decimal Classification | Baccah | Central Library | Central Library | First floor | 12/10/2010 | 7 | 338.5 PIN | 000021900 | 15/07/2025 | 03/03/2016 | Book - Borrowing | 17 | ||||||||
| Dewey Decimal Classification | Baccah | Central Library | Central Library | First floor | 12/10/2010 | 4 | 338.5 PIN | 000021901 | 15/07/2025 | 14/02/2012 | Book - Borrowing | 7 | ||||||||
| Dewey Decimal Classification | Baccah | Central Library | Central Library | First floor | 12/10/2010 | 3 | 338.5 PIN | 000021902 | 15/07/2025 | 06/11/2016 | Book - Borrowing | 2 |